10 Words, 20 Definitions XX Quiz Stats

 Plays Quiz Updated Aug 13, 2019

Score 0/20 Timer 03:00
1 Play Today
% Correct
Quack
96.2%
Harbor
95.1%
Match
94.9%
Iron
94.6%
Zest
94.3%
Steep
94.2%
Character
93.9%
Harbor
93.7%
Buckle
93.6%
Character
92.9%
% Correct
Tumbler
92.7%
Iron
92.2%
Match
91.5%
Over
91.3%
Zest
90.7%
Quack
90.5%
Buckle
88%
Over
87.9%
Steep
84.1%
Tumbler
73.1%

You're not logged in!

Compare scores with friends on all Sporcle quizzes.
OR
Log In

Sporcle TV

Today on Sporcle TV


Watch our educational content, quiz creation guides, and fun videos on Sporcle TV.

Show Comments

Extras

Top Quizzes Today


Score Distribution

Your Account Isn't Verified!

In order to create a playlist on Sporcle, you need to verify the email address you used during registration. Go to your Sporcle Settings to finish the process.

Report this User

Report this user for behavior that violates our Community Guidelines.

Details: